Investigation of rates and mechanisms of reactions /

Saved in:
Bibliographic Details
Main Author: Friess, S. L. (Seymour Lewis), 1922-
Other Authors: Weissberger, Arnold, 1898-
Format: Book
Language:English
Published: N.Y. : Interscience, 1953.
Series:Technique of organic chemistry ; v. 8.
LEADER 00856nam a22002171a 4500
001 c000110380
003 CARM
005 19881101000000.0
008 851113s1953 nyu 000 0 eng d
019 1 |a 4145781  |5 LACONCORD2021 
035 |a (OCoLC)14675677  |5 LACONCORD2021 
040 |a NUN  |b eng  |c NUN  |d VBAX 
082 0 4 |a 547.01 
100 1 |a Friess, S. L.  |q (Seymour Lewis),  |d 1922- 
245 1 0 |a Investigation of rates and mechanisms of reactions /  |c ed. by S.L.Friess and A.Weissberger. 
260 |a N.Y. :  |b Interscience,  |c 1953. 
440 0 |a Technique of organic chemistry ;  |v v. 8. 
700 1 |a Weissberger, Arnold, 1898- 
852 8 |b CARM  |h A2:AH01C0  |i B03547  |p 0127882  |f BK 
999 f f |i fba064ec-d3e6-5c08-b583-dedf0c159d5b  |s 4d45796f-4f9c-5b5a-abbf-f4039f895b9a 
952 f f |p Can circulate  |a CAVAL  |b CAVAL  |c CAVAL  |d CARM 1 Store  |e B03547  |f A2:AH01C0  |h Other scheme  |i book  |m 0127882